L'Espagne pour les touristes... - Facile - Statistiques

Statistiques générales
  • Ce quiz a été pris 90 fois
  • Le résultat moyen est 14 sur 20
Statistiques - réponses
Question Indice Réponses Indice facile % Correct
Quelles sont les langues officielles ? C Catalan
96%
Quelles sont les principales villes touristiques ? M Madrid
93%
Dans la capitale y-a-t-il un décalage horaire avec Paris ? (oui/non) Non
93%
Quelles sont les principales villes touristiques ? B Barcelone
91%
La conduite se fait à droite ou à gauche ? Droite
90%
Quelle est la monnaie ? Euro E
90%
Le suffixe internet est es
89%
Quelles sont les langues officielles ? Espagnol
89%
La vitesse sur autoroute généralement illimitée, si elle l'est c'est à {120} km/h
81%
Quelles sont les principales villes touristiques ? G Grenade AGENDER
79%
Quelles sont les principales villes touristiques ? SJ Saint-Jacques-de-Compostelle DECAUSAIENTCOMPOSTEESJLLQ
72%
Achats à faire 2/ Boisson alcoolisée Vin V
69%
Le taux d'alcoolémie toléré au volant est de {0.5} g/l
67%
Quelles sont les langues officielles ? B Basque
67%
Achats à faire 1/ Salaison Jambon BANJOM
67%
La religion majoritaire est catholicisme C
64%
Quelles sont les langues officielles ? G Galicien
56%
Achats à faire 3/ Produit des huîtres Perle LEPRE
54%
On peut y visiter les parcs nationaux de O Ordesa ADORES
9%
PDE Picos de Europa OPREDECOUPAIS
5%
Aucun quiz correspondant
Distribution des résultats
% des personnes avec chaque résultat
Percentile par nombre de réponses
Votre historique - résultats
Vous n’avez pas pris ce quiz